|
|
|
|
| LEADER |
01900nam a2200385 a 4500 |
| 001 |
EBC547786 |
| 003 |
MiAaPQ |
| 005 |
20200520144314.0 |
| 006 |
m o d | |
| 007 |
cr cn||||||||| |
| 008 |
070216s2007 dcu sb 001 0 eng d |
| 010 |
|
|
|z 2007007015
|
| 020 |
|
|
|z 9781589011779 (alk. paper)
|
| 035 |
|
|
|a (MiAaPQ)EBC547786
|
| 035 |
|
|
|a (Au-PeEL)EBL547786
|
| 035 |
|
|
|a (CaPaEBR)ebr10236776
|
| 035 |
|
|
|a (OCoLC)652626230
|
| 040 |
|
|
|a MiAaPQ
|c MiAaPQ
|d MiAaPQ
|
| 050 |
|
4 |
|a JC330.15
|b .B68 2007
|
| 082 |
0 |
4 |
|a 351.01
|2 22
|
| 100 |
1 |
|
|a Bozeman, Barry.
|
| 245 |
1 |
0 |
|a Public values and public interest
|h [electronic resource] :
|b counterbalancing economic individualism /
|c Barry Bozeman.
|
| 260 |
|
|
|a Washington, D.C. :
|b Georgetown University Press,
|c c2007.
|
| 300 |
|
|
|a ix, 214 p.
|
| 490 |
1 |
|
|a Public management and change
|
| 504 |
|
|
|a Includes bibliographical references and index.
|
| 505 |
0 |
|
|a The privatization of public value -- Economic individualism and the "publicness" of policies : cases and controversies -- Economic individualism in public policy -- Economic individualism in public management -- Public interest theory and its problems -- Toward a pragmatic public interest theory -- Values, value theory, and collective action -- Public values -- Public value mapping : the case of genetically modified foods and the "terminator gene" -- Managing publicness.
|
| 533 |
|
|
|a Electronic reproduction. Ann Arbor, MI : ProQuest, 2015. Available via World Wide Web. Access may be limited to ProQuest affiliated libraries.
|
| 650 |
|
0 |
|a Public interest
|x Economic aspects.
|
| 650 |
|
0 |
|a Common good
|x Economic aspects.
|
| 650 |
|
0 |
|a Public administration.
|
| 655 |
|
4 |
|a Electronic books.
|
| 710 |
2 |
|
|a ProQuest (Firm)
|
| 830 |
|
0 |
|a Public management and change.
|
| 856 |
4 |
0 |
|u https://ebookcentral.proquest.com/lib/matrademy/detail.action?docID=547786
|z Click to View
|